Mýtický sochár so slncovým vozom

Bibliographic Details
Main Author: Ursínyová, Terézia, 1942- (Author)
Format: Article
Language:Slovak
PhysicalDescription:Fotogr. 4
Subjects:

MARC

LEADER 00000nab a2200000 a 4500
001 vtls000527876
003 SK-MaSNL
005 20260303005817.0
008 120928c1994 xo 0 slo
015 |a SNBRB19rr/mm-uuuuu 
035 |a CL0528014 
040 |a SNKBUCL  |b slo  |c SNKBUCL  |e AACR2 
041 0 |a slo 
044 |a xo  |c SK 
080 |a 730.071.1  |2 1981 
080 |a 738.071.1  |2 1981 
080 |a 75.071.1  |2 1981 
080 |a 929 Rudavský, Andrej  |2 1981 
100 1 |a Ursínyová, Terézia,  |d 1942-  |4 aut  |9 103725 
245 1 0 |a Mýtický sochár so slncovým vozom  |c Terézia Ursínyová 
300 |b Fotogr. 4 
600 1 7 |a Rudavský, Andrej,  |d 1933-2016  |2 snkbucl  |9 54402 
655 7 |a články z novín a časopisov  |2 snkbucl  |9 267496 
773 0 |t Slovenka  |g Roč. 47, č. 40 (1994), s. 6-7 
850 |a Slovenská národná knižnica v Martine  |a MTA001 
852 |a SNK  |b KIS3GCP 
958 |a RK 
992 |a RBX 
999 |c 1584313  |d 1586243